Logo Biblioteca

Comer Rezar Amar (Registro nro. 177)

Detalles MARC
000 -LEADER
fixed length control field 01224nam a22001697a 4500
003 - CONTROL NUMBER IDENTIFIER
control field OSt
005 - DATE AND TIME OF LATEST TRANSACTION
control field 20231227085831.0
008 - FIXED-LENGTH DATA ELEMENTS--GENERAL INFORMATION
fixed length control field 231227s2007 ag ||||| |||| 00| 0 spa d
020 ## - INTERNATIONAL STANDARD BOOK NUMBER
International Standard Book Number 9789705801761
040 ## - CATALOGING SOURCE
Transcribing agency besoc
100 ## - MAIN ENTRY--PERSONAL NAME
Personal name Gilbert, Elizabeth
Relator term autor
245 ## - TITLE STATEMENT
Title Comer Rezar Amar
Statement of responsibility, etc. Elizabeth Gilbert
260 ## - PUBLICATION, DISTRIBUTION, ETC.
Place of publication, distribution, etc. Mexico:
Name of publisher, distributor, etc. Santillana
Date of publication, distribution, etc. 2007
300 ## - PHYSICAL DESCRIPTION
Extent 350 p.
520 ## - SUMMARY, ETC.
Summary, etc. Después de un divorcio traumático, seguido de un desengaño amoroso y en plena crisis emocional y espiritual, Elizabeth Gilbert decide empezar de nuevo y emprender un largo viaje que la llevara sucesivamente a Italia, La India e Indonesia, tres escalas geográficas que se corresponden con otras tantas etapas de búsqueda interior. Este libro es la bitácora de esa doble travesía, en la que la autora descubrirá el el placer sensual de la buena mesa y la buena conversación (la dolce vita romana), la paz interior alcanzada mediante la meditación en Bombay y, por fin, el deseado equilibrio entre cuerpo y espíritu en Bali.<br/>Lucida y valiente novela autobiografía, Comer, Rezar, Amar trata de lo que ocurre cuando decidimos ser artífices de nuestra felicidad y dejamos de vivir según los modelos impuestos.
942 ## - ADDED ENTRY ELEMENTS (KOHA)
Source of classification or shelving scheme Universal Decimal Classification
Koha item type Libro de préstamo a domicilio
Suppress in OPAC No

No hay ítems disponibles.

Biblioteca de la Escuela Preuniversitaria en Ciencias Sociales y Humanísticas.
Riobamba 250 bis.
CP 2000 - Rosario - Santa Fe
E-Mail: biblioteca@esociales.unr.edu.ar